000 01065nam a2200241 a 4500
001 47085
003 BD-RjUL
005 20211209054246.0
008 160807s1981 bg ||||| |||| 00| 0 ben d
035 _a(BD-RjUL)47204
040 _aBD-RjUL
_bben
_cBD-RjUL
041 _aben
082 _223
_aB 336.24
_bALI 1981
100 _aআলম, মো. খুরশিদ.
_9143398
245 _aআয়কর ও নিরীক্ষা-শাস্ত্র :
_b১৯৮১ সনের আর্থিক আইন অনুযায়ী আয়কর আইনের সংশোধনীসহ /
_cমো. খুরশিদ আলম.
250 _a৬ষ্ঠ (সংশোধিত )সং.
260 _aঢাকা :
_bআইডিয়াল লাইব্রেরী,
_c১৯৮১.
300 _a(ক-জ), ৩১৪ পৃ.
_c১৯ সেমি.
500 _a"বি. কম. (পাস ও অনার্স) ক্লাশের জন্য"
650 _aআয়কর
_9118704
650 _aIncome Tax
_9143399
942 _2ddc
_cBK
999 _c47085
_d47085